Statistics for Geographic Things Containing Wall

Click here to take the quiz!

General Stats

  • This quiz has been taken 77 times
  • The average score is 8 of 12

Answer Stats

HintAnswer% Correct
Divided a city into west and eastBerlin Wall
97%
Financial district of New YorkWall Street
95%
It is said that this can be seen from the moonGreat Wall of China
90%
Separates England and ScotlandHadrian's Wall
85%
Duchy in southwestern EnglandCornwall
76%
Well-known wall of JerusalemWestern Wall
74%
Australian animalWallaby
73%
French-speaking region of BelgiumWallonia
55%
... and FutunaWallis
44%
Mr Gorbachev, .....Tear down this wall!
44%
WA city, birthplace of Adam WestWalla Walla
26%
State Park in OregonWallowa Lake
6%

Score Distribution

Percentile by Number Answered

Percent of People with Each Score

Your Score History

You have not taken this quiz